01005nam a2200277 a 450000100060000000300100000600500170001600700030003300800410003602000150007704000260009208200160011810000480013424500900018225000180027230000260029033600270031633700330034333800280037665000450040470000410044994200120049094900780050299900170058095201300059759569CO-BoRNBP20251022210612.0ta960930s1989 ck a gr 000 f spa  a9582400560 aCO-BoBNbspacCO-BoBN04aCo863.52231 aBernal Pinilla, Luis Darío,d1950-94519810aCatalino Bocachica /cLuis Darío Bernal Pinilla ; ilustraciones de Nicolás Lozano a1a. edición a95 p. :bil. ;c19 cm 2rdacontentatextobtxt 2rdamediaasin mediaciónbn 2rdacarrieravolumenbnc14aNovela colombianaySiglo XXI2LEMB916021 aLozano, Nicoláseilustrador965977 2ddccBK a813.44 B37c 1989mD.SAMPERtLIBROlDEWEYkDEWEYxDEP/LEGALzGENERALrYsY c59569d59569 00102lcc40708INFaMEFTEORObMEFTEOROcSInfd2025-10-22l0oN BER1pFo02920r2025-10-22 21:08:07tEj.1w2025-10-22yBKLITI